02326nam a2200277uu 4500001000800000005001700008007001000025008004100035035001200076040001300088041000800101080000800109100005600117245011100173260004300284300001700327520125900344650002901603650002101632650003901653700004701692942001001739999001901749500014201768952013801910138199120260508084955.0cr|||||||140815s2014 spa  a1381991 ccomduadb aspa aMIE10aMendoza Cárdenas, Carlos Henrry4auteaut958576310aEvaluación de OFDM-OQAM en el sensado del espectro de un canal con desvanecimiento para un área urbana aMedellín :b[sin publicador],c2014. a50 páginas3 aEn esta tesis se evalúa OFDM -OQUAM como técnica de sensado del espectro, utilizando como criterio de desempeño la probabilidad de no detección en función de la relación señal a ruido, con la probabilidad de falsa alarma y el tiempo de sensado como parámetros. La evaluación se realiza en dos escenarios distintos. En el primer escenario se utilizan señales de televisión digital capturadas en campo, con el efecto multitrayectoria implícito, y se compara el desempeño de OFDM -OQAM con el del periodograma. En el segundo escenario se utilizan señales generadas por computador, se simula un canal con desvanecimiento Rayleigh, y se compara el desempeño de OFDM -OQAM en ese canal frente a un canal AWGN. Para el primer escenario se encuentra que OFDM -OQAM tiene un desempeño superior al periodograma y para el segundo escenario no se encuentran diferencias significativas en el desempeño del sistema bajo los dos modelos de canal. Los resultados que arroja este estudio demuestran que OFDM -OQAM tiene potencial en sistemas de senado a dos etapas donde la primera etapa es el detector de energía y en esquemas donde la estimulación de la densidad espectral de potencia de la señal de entrada es un paso necesario. aBancos de filtros917432 aEspectros968649 aRelación señal a ruido911106710aGaviria Gómez, Natalia4thseths9271616 cTESIS c683085d683085 aTesis (Maestría en Ingeniería con énfasis en Eléctrica) Universidad de Antioquia. Facultad de Ingeniería - Título de la tesis 001040708TESELECaCENDIbCENDId2014-08-15iC1210155l0oMIE 09127r2023-05-02 00:00:00t1w2023-05-02yINTERzAcceso restringido.